书目信息 |
| 题名: |
地埋管地源热泵系统理论与实践
|
|
| 作者: | 王勇 , 李文欣 , 付祥钊 , 刘勇 著 | |
| 分册: | ||
| 出版信息: | 北京 中国建筑工业出版社 2021.09 |
|
| 页数: | 253页 | |
| 开本: | 26cm | |
| 丛书名: | 城市能源碳中和丛书 | |
| 单 册: | ||
| 中图分类: | TH3 | |
| 科图分类: | ||
| 主题词: | 热泵--re beng--研究 | |
| 电子资源: | ||
| ISBN: | 978-7-112-26460-5 | |
| 000 | 01410nam 2200313 450 | |
| 001 | 24902 | |
| 005 | 20220918123005.18 | |
| 010 | @a978-7-112-26460-5@dCNY78.00 | |
| 100 | @a20211104d2021 em y0chiy50 ea | |
| 101 | 0 | @achi |
| 102 | @aCN@b110000 | |
| 105 | @aak a 000yy | |
| 200 | 1 | @a地埋管地源热泵系统理论与实践@Adi mai guan di yuan re beng xi tong li lun yu shi jian@d= Theory and application of ground-coupled heat pump systems@f王勇 ... [等] 著@zeng |
| 210 | @a北京@c中国建筑工业出版社@d2021.09 | |
| 215 | @a253页@c图@d26cm | |
| 225 | 2 | @a城市能源碳中和丛书@Acheng shi neng yuan tan zhong he cong shu |
| 304 | @a题名页题其余责任者: 李文欣, 付祥钊, 刘勇 | |
| 320 | @a有书目 (第244-253页) | |
| 330 | @a本书为作者1995年连续不间断从事地埋管地源热泵系统研究20多年的总结, 其成果在科技部国家支撑计划、国家自然科学基金等多个项目的资助下完成, 而且其内容为作者本人所在团队以及近30名硕士、博士研究生学位论文的基础上归纳、提炼、总结完成。该书不仅涵盖了最新的理论研究结论, 同时还提供了成功与失败案例的分析。 | |
| 410 | 0 | @12001 @a城市能源碳中和丛书 |
| 510 | 1 | @aTheory and application of ground-coupled heat pump systems@zeng |
| 606 | 0 | @a热泵@Are beng@x研究 |
| 690 | @aTH3@v5 | |
| 701 | 0 | @a王勇@Awang yong@4著 |
| 701 | 0 | @a李文欣@Ali wen xin@4著 |
| 701 | 0 | @a付祥钊@Afu xiang zhao@4著 |
| 701 | 0 | @a刘勇@Aliu yong@4著 |
| 801 | 0 | @aCN@c20220910 |
| 905 | @a河南城建学院图书馆@dTH3@eW432@f2 | |
| 地埋管地源热泵系统理论与实践= Theory and application of ground-coupled heat pump systems/王勇 ... [等] 著.-北京:中国建筑工业出版社,2021.09 |
| 253页:图;26cm.-(城市能源碳中和丛书) |
| ISBN 978-7-112-26460-5:CNY78.00 |
| 本书为作者1995年连续不间断从事地埋管地源热泵系统研究20多年的总结, 其成果在科技部国家支撑计划、国家自然科学基金等多个项目的资助下完成, 而且其内容为作者本人所在团队以及近30名硕士、博士研究生学位论文的基础上归纳、提炼、总结完成。该书不仅涵盖了最新的理论研究结论, 同时还提供了成功与失败案例的分析。 |
| ● |
| 相关链接 |
|
|
|
正题名:地埋管地源热泵系统理论与实践
索取号:TH3/W432
 
预约/预借
| 序号 | 登录号 | 条形码 | 馆藏地/架位号 | 状态 | 备注 |
| 1 | 1575419 | 215754191 | 自科库501/501自科库 135排2列3层/ [索取号:TH3/W432] | 在馆 | |
| 2 | 1575420 | 215754208 | 自科库501/501自科库 135排2列3层/ [索取号:TH3/W432] | 在馆 |